| 000 | 00789nam a2200205 a 4500 | ||
|---|---|---|---|
| 003 | 0 | ||
| 005 | 20250221150158.0 | ||
| 008 | 101112s19uu xx 00 eng d | ||
| 050 |
_aPHS TD 430 _b.T79 2010 |
||
| 100 | _aTubig, Ramon Jeriko H. | ||
| 245 |
_aA comparative study on the effectiveness of commercial and natural flocculating agents / _cRamon Jeriko H. Tubig. |
||
| 260 |
_aLas PiƱas City, Philippines : _bSouthville International School and Colleges, _c2010. |
||
| 300 |
_a35 pages : _bcolored illustrations ; _c30 cm. |
||
| 504 | _aIncludes bibliographical references. | ||
| 650 |
_aWater _xPurification _vFlocculation. |
||
| 650 |
_aWater treatment chemicals _xComparative studies. |
||
| 650 | _aNatural flocculants. | ||
| 650 | _aCommercial flocculants. | ||
| 942 |
_2lcc _cPASS |
||
| 999 |
_c98481 _d98481 |
||